000
00352nam a22001577a 4500
999
_c
11335
_d
11335
003
OSt
008
220613b ||||| |||| 00| 0 eng d
020
_a
9788178002422
100
_a
VENKATESWARLU, N B
245
_a
Advanced Unix Programming
250
_a
2nd
260
_a
Hyderabad
_b
BSP
_c
2014
300
_a
470
650
_a
CSE
942
_2
ddc
_c
BK